Interkultúrna kompetencia ako prejav vnútorného postoja a presvedčenia osobnosti
Obdobie narastajúcej internacionalizácie a požiadavka vysokej miery porozumenia a rešpektu ľudí navzájom. Interkultúrna kompetencia ako schopnosť efektívne a primerane spolupracovať s príslušníkmi iných kultúr. Úspešná interakcia v rozdielnom kultúrnom prostredí.
Salvato in:
| Autore principale: | |
|---|---|
| Natura: | Capitolo di libro |
| Lingua: | slovacco |
| Soggetti: | |
| Tags: |
Nessun Tag, puoi essere il primo ad aggiungerne!!
|
MARC
| LEADER | 00000naa$a2200000$$$4500 | ||
|---|---|---|---|
| 001 | 0159892 | ||
| 005 | 20240502072754.7 | ||
| 041 | 0 | |a slo | |
| 044 | |a SK | ||
| 245 | 1 | 0 | |a Interkultúrna kompetencia ako prejav vnútorného postoja a presvedčenia osobnosti |c Eva Janíčková |
| 520 | |a Obdobie narastajúcej internacionalizácie a požiadavka vysokej miery porozumenia a rešpektu ľudí navzájom. Interkultúrna kompetencia ako schopnosť efektívne a primerane spolupracovať s príslušníkmi iných kultúr. Úspešná interakcia v rozdielnom kultúrnom prostredí. | ||
| 610 | 2 | 0 | |a kultúra |
| 610 | 2 | 0 | |a civilizácia |
| 610 | 2 | 0 | |a kompetencie |
| 610 | 2 | 0 | |a komunikácia multikultúrna |
| 610 | 2 | 0 | |a internacionalizácia |
| 100 | 1 | |a Janíčková, Eva | |